| 000 | 00940nam a2200277 a 4500 | ||
|---|---|---|---|
| 001 | 016123584 | ||
| 003 | OSt | ||
| 005 | 20140302115926.0 | ||
| 008 | 120502s2012 cc a grb 000 0 eng d | ||
| 020 | _a9789881564115 (hbk) | ||
| 020 | _a9881564115 (hbk) | ||
| 040 |
_aAU@ _beng _cAU@ _dUk |
||
| 043 | _aa-cc-hk | ||
| 082 | 0 | 4 |
_a658.7095125 _222 _bCHA |
| 245 | 0 | 4 |
_aThe Challenges and opportunities facing the Hong Kong logistics industry / _cAnthony Lau ... [et al.] |
| 260 |
_aHong Kong, China : _bLiterate Publication Limited, _c2012. |
||
| 300 |
_axiii, 213 p. : _bill. ; _c24 cm. |
||
| 504 | _aBibliography : p. 200-213. | ||
| 650 | 0 |
_aBusiness logistics _zChina _zHong Kong _935150 |
|
| 650 | 0 |
_aInventory control _zChina _zHong Kong _935151 |
|
| 653 |
_bBUSADM _cFebruary2014 |
||
| 655 |
_vreading book _934232 |
||
| 690 | 7 |
_aManagement and Business Studies _2blcoll |
|
| 700 | 1 |
_aLau, Anthony _935152 |
|
| 942 |
_2ddc _k658.7095125 CHA |
||
| 999 |
_c18060 _d18032 |
||